[Event "RSA-chT U16"]
[Site "Cape Town"]
[Date "2016.01.05"]
[Round "3.10"]
[White "Yu, Houston"]
[Black "Bakker, Eduard"]
[Result "1-0"]
[WhiteElo "1406"]
[BlackElo "1041"]
[PlyCount "163"]
[EventDate "2016.01.04"]
[EventType "team-tourn"]
[EventRounds "7"]
[EventCountry "RSA"]
[SourceTitle "CBM 170 Extra"]
[Source "ChessBase"]
[SourceDate "2016.02.25"]
[SourceVersion "1"]
[SourceVersionDate "2016.02.25"]
[SourceQuality "1"]
[WhiteTeam "Western Province"]
[BlackTeam "Ekurhuleni"]
[WhiteTeamCountry "RSA"]
[BlackTeamCountry "RSA"]

1. c4 e5 2. Nc3 Nf6 3. g3 c6 4. Bg2 Bb4 5. d3 d5 6. Qb3 Qd6 7. a3 Ba5 8. Qa4 Bxc3+ 9. bxc3 dxc4 10. Qxc4 Be6 11. Qb4 Qxb4 12. axb4 0-0 13. c4 Nbd7 14. Nf3 e4 15. Ng5 exd3 16. Nxe6 fxe6 17. exd3 Ne5 18. Ke2 Nfg4 19. Be3 Nxe3 20. fxe3 a6 21. Rhf1 Rad8 22. Be4 Ng4 23. h3 Nf6 24. Bg2 Nh5 25. Rxf8+ Rxf8 26. g4 Ng3+ 27. Ke1 Rf7 28. Ra2 g6 29. Rf2 Rd7 30. d4 Kg7 31. Rd2 Rf7 32. Rd3 h5 33. e4 h4 34. d5 exd5 35. cxd5 cxd5 36. exd5 Re7+ 37. Kd1 Kf7 38. d6 Rd7 39. Bxb7 Kf6 40. Bxa6 Ne4 41. Rf3+ Ke5 42. Ke2 Rxd6 43. Bd3 Nc3+ 44. Kf2 Nd5 45. b5 Nf4 46. Re3+ Kd4 47. Re4+ Kxd3 48. Rxf4 Re6 49. Rb4 Kc3 50. Rb1 Kc2 51. Re1 Rf6+ 52. Kg2 Rb6 53. Re5 Kd3 54. Rc5 Ke3 55. Rc3+ Kd4 56. Rb3 Kc4 57. Rb1 Kd4 58. Kf3 g5 59. Rb4+ Kc5 60. Re4 Kd5 61. Rb4 Kc5 62. Rb1 Kd4 63. Rd1+ Kc5 64. Rb1 Kd4 65. Ke2 Kc4 66. Ke3 Kd5 67. Kd3 Ke5 68. Rf1 Rg6 69. Rf5+ Kd6 70. Kd4 Rg7 71. Rf6+ Kc7 72. Ra6 Kd8 73. b6 Rg6 74. Ra8+ Kd7 75. b7 Rd6+ 76. Ke5 Re6+ 77. Kf5 Re3 78. b8Q Rxh3 79. Ra6 Rc3 80. Qd6+ Kc8 81. Ra7 h3 82. Qf8# 1-0